000
00288nam a2200109Ia 4500
008
190913s9999||||xx |||||||||||||| ||und||
100
_a
Albrecht, Nicol
245
0
_a
Microsoft Access Projects with Microsoft SQL server
260
_a
Lahore
_b
McGraw Hill
_c
2000
300
_a
216
942
_c
BK
999
_c
8182
_d
8182